000 01159naa a2200277 4500
999 _c45037
_d45037
001 45037
003 ES-MaCES
005 20190731142438.0
008 000000s2014 sp ||||| t||||||| ||spa d
040 _aES-MaCES
_bspa
_cES-MaCES
100 1 _912304
_aFotinopoulou Basurko, Olga
245 1 4 _aLas reformas laborales en Grecia en tiempos de crisis: abriendo la caja de Pandora
_cOlga Fotinopoulou Basurko, Arántzazu Vicente Palacio
504 _aBibliografía: 888-889
650 4 _926947
_aGrecia
650 4 _929892
_areforma legislativa
650 4 _927166
_alegislación del trabajo
650 4 _927165
_aderecho del trabajo
650 4 _927102
_acrisis económica
650 4 _929261
_arepertorio de recomendaciones prácticas
650 4 _928890
_acuadros estadísticos
653 1 0 _aRelaciones laborales-Empleo
700 1 _925798
_aVicente Palacio, María Arántzazu
773 0 _981666
_dBarcelona Atelier [2014]
_o084571
_tEl impacto de la gran crisis mundial sobre el Derecho del trabajo y de la Seguridad Social
_w(ES-MaCES)44826
_z9788415690481
_gp. 859-889. - SG-2.0.-430
902 _aARL Artículo de libro
942 _2CES
_cAR
_h2.0.